Riconosci le Bandiere sbagliate - Quiz n°10 - Statistics

Statistiche generali
  • Questo quiz è stato fatto 16 volte
  • Il punteggio medio è 20 su 30
Statistiche sulle risposte
Domanda Casella Select % Corretto
tutte le bandiere sbagliate No
100%
tutte le bandiere sbagliate No
100%
tutte le bandiere sbagliate No
100%
tutte le bandiere sbagliate No
100%
tutte le bandiere sbagliate No
100%
tutte le bandiere sbagliate No
91%
tutte le bandiere sbagliate No
91%
tutte le bandiere sbagliate No
91%
tutte le bandiere sbagliate No
91%
tutte le bandiere sbagliate No
82%
tutte le bandiere sbagliate No
82%
tutte le bandiere sbagliate No
82%
tutte le bandiere sbagliate No
73%
tutte le bandiere sbagliate No
73%
tutte le bandiere sbagliate No
73%
tutte le bandiere sbagliate
64%
tutte le bandiere sbagliate
64%
tutte le bandiere sbagliate
64%
tutte le bandiere sbagliate No
64%
tutte le bandiere sbagliate
64%
tutte le bandiere sbagliate
64%
tutte le bandiere sbagliate
55%
tutte le bandiere sbagliate
55%
tutte le bandiere sbagliate
55%
tutte le bandiere sbagliate
45%
tutte le bandiere sbagliate
36%
tutte le bandiere sbagliate
36%
tutte le bandiere sbagliate
27%
tutte le bandiere sbagliate
9%
tutte le bandiere sbagliate
0%
Nessun quiz corrispondente trovato
Distribuzione punteggi
Percentuale di utenti per punteggio
Percentile per numero di risposta
I tuoi punteggi nel tempo
Non hai fatto questo quiz